Strzelcy Mistrzostw Europy! - Statystyki

Ogólne statystyki
  • Ten quiz został rozwiązany 107 razy
  • Średni wynik to 18 z 66
Statystyki odpowiedzi
Narodowość Ilość występów Ilość bramek Zawodnik % Poprawnych
Portugalia 21 9 Ronaldo
99%
Szwecja 13 6 Ibrahimovic
71%
Niemcy 2 4 Muller
68%
Niemcy 2 4 Muller
68%
Francja 7 6 Griezmann
64%
Francja 11 6 Henry
64%
Niemcy 13 3 Klose
59%
Hiszpania 13 5 Torres
59%
Francja 14 5 Zidane
59%
Holandia 9 5 van Basten
58%
Anglia 10 6 Rooney
57%
Francja 5 9 Platini
53%
Holandia 7 3 van Persie
51%
Hiszpania 4 4 Villa
51%
Polska 8 3 Blaszczykowski
49%
Niemcy 12 4 Podolski
48%
Anglia 9 7 Shearer
46%
Francja 9 3 Giroud
45%
Francja 7 3 Trezeguet
44%
Szwecja 10 4 Larsson
41%
Walia 6 3 Bale
38%
Portugalia 15 3 Nani
36%
Czechy 10 3 Koller
35%
Czechy 10 5 Baros
34%
Niemcy 13 5 Gomez
34%
Chorwacja 6 3 Mandzukic
29%
Hiszpania 15 3 Silva
27%
Chorwacja 4 3 Suker
27%
Niemcy 11 3 Ballack
26%
Anglia 4 3 Lampard
26%
Włochy 6 3 Balotelli
23%
Hiszpania 16 3 Fabregas
23%
Holandia 9 6 Kluivert
23%
Holandia 13 4 Bergkamp
22%
Hiszpania 4 3 Morata
22%
Holandia 8 6 van Nistelrooy
22%
Dania 8 3 Laudrup
21%
Bułgaria 3 3 Stoichkov
21%
Grecja 9 4 Charisteas
20%
Portugalia 14 6 Gomes
19%
Niemcy 13 5 Klinsmann
16%
Niemcy 18 3 Schweinsteiger
12%
Francja 7 3 Payet
10%
Portugalia 7 3 Postiga
10%
Dania 7 3 Tomasson
10%
Czechy 11 4 Smicer
9%
Rosja 3 3 Dzagoev
8%
Jugosławia 4 5 Milosevic
8%
Słowenia 3 3 Zahovic
8%
Włochy 13 3 Cassano
7%
Niemcy 8 4 Voller
7%
Szwajcaria 6 3 Yakin
7%
Jugosławia 5 4 Dzajic
5%
Szwecja 4 3 Brolin
4%
Francja 10 3 Djorkaeff
3%
Związek Radziecki 4 3 Ivanov
3%
Rosja 8 4 Pavlyuchenko
3%
Turcja 5 3 Senturk
3%
Portugalia 5 3 Conceicao
2%
Dania 7 3 Larsen
2%
Związek Radziecki 4 3 Ponedelnik
2%
Niemcy 5 3 Riedle
2%
Hiszpania 8 3 Alfonso
1%
Niemcy 6 3 Allofs
1%
Dania 4 3 Arnesen
1%
Czechy 6 3 Nehoda
1%
Nie znaleziono quizów pasujących do podanych kryteriów
Rozkład punktacji
Procent ludzi z każdym wynikiem
Percentyl według liczby udzielonych odpowiedzi
Twoja historia wyników
Nie rozwiązałeś tego quizu